| 000 | 00424cam a2200181ua 4500 | ||
|---|---|---|---|
| 020 | _c5.50 | ||
| 041 |
_ahin _h |
||
| 082 |
_a891.54 _bJAI/SO |
||
| 100 | _aJainendra, kumar . | ||
| 245 |
_aSoch vihar / _cJainendra kumar. _hTextual Documents |
||
| 250 |
_a2 / _b. |
||
| 260 |
_aDelhi : _bPoorvoday Prakashan , _c1964. |
||
| 300 | _a304 ; . | ||
| 365 | _a5.50 | ||
| 504 | _a | ||
| 942 | _cBK | ||
| 999 |
_c4085 _d4085 |
||